000 00449nam a2200181Ia 4500
008 230524s9999 xx 000 0 und d
020 _a8121911400
082 _a621.38
_bTHE
100 _aB.L.Theraja
245 2 _aA Text Book of Electrical Technology Vol-III
250 _a23TH
260 _aNEW DELHI
_bS.Chand
_c2004
300 _aVIII;1457
500 _aQuantity Number: 2
650 _aElectrical
700 _a A.K.Theraja
942 _cBK
999 _c1349
_d1349